Statistics for Austria National Football Team

Click here to take the quiz!

General Stats

  • This quiz has been taken 234 times
  • The average score is 4 of 17

Answer Stats

GoalsCapsPlayer% Correct
15105David Alaba
94%
36111Marko Arnautovic
82%
4495Toni Polster
41%
3469Hans Krankl
36%
2100Aleksandar Dragovic
30%
26103Andreas Herzog
30%
2770Marc Janko
28%
184Julian Baumgartlinger
27%
2643Matthias Sindelar
17%
2837Erich Hof
8%
1293Gerhard Hanappi
8%
984Bruno Pezzey
7%
084Friedl Koncilia
6%
586Karl Koller
5%
2946Johann Horvath
4%
2440Karl Zischek
4%
2728Toni Schall
4%

Score Distribution

Percentile by Number Answered

Percent of People with Each Score

Your Score History

You have not taken this quiz